000 00427nam a2200181Ia 4500
001 1021
005 20260306140601.0
008 260306t1996||||xx |||||||||||||| ||spa||
041 _aESP
082 _a180
_bC77 T. 6
100 _aCopleston, Frederick
_eAUT
245 0 _aHistoria de la filosofĂ­a:
_bde Wolff a Kant
260 _c1996
300 _a
_c22 cm.
650 _aGEN
654 _aCHU
942 _cLIB
_dJUS
_fJUS
_2ddc
_n
999 _c1021
_d1021